Websites by Web Page #1 - Statistics

General Stats
  • This quiz has been taken 1,207 times
  • The average score is 7 of 10
Answers on the Map
Answers color-coded by a green-red scale on the quiz's map according to % correct below.
 
Answer Stats
Answer % Correct
JetPunk
100%
YouTube
96%
IMDb
70%
eBay
69%
LinkedIn
67%
Wikipedia
67%
Dictionary.com
62%
The New York Times
61%
Formula 1
39%
BBC
22%
No matching quizzes found
Score Distribution
Percent of People with Each Score
Percentile by Number Answered
Your Score History
You have not taken this quiz